| 000 | 01011cam a22002897a 4500 | ||
|---|---|---|---|
| 003 | CHAP | ||
| 005 | 20220329134923.0 | ||
| 008 | 971013s1980 r 00010 d | ||
| 010 | _a28087 | ||
| 011 | _a29059 | ||
| 035 | _a33170 | ||
| 040 | _cCHAP | ||
| 090 | _aTesis | ||
| 100 | 0 | 0 |
_aLamoret de Leye, Monique. _964590 |
| 245 | 1 | 3 | _aEl problema de abastecimiento de semilla oleaginosa para la industria aceitera y algunas propuestas de solución |
| 260 |
_aChapingo, Méx. : _bEl autor, _c1980 |
||
| 300 |
_a150 h. _b: gráfs. |
||
| 502 | _aTesis (Maestro en Ciencias. Esp. en Economía Agrícola) -- CP. Rama de Economía Agrícola | ||
| 590 |
_aALEPH _b10 _c20130110 _lUCH01 _h1249 |
||
| 590 |
_aBATCH-UPD _b10 _c20130110 _lUCH01 _h2317 |
||
| 590 |
_aCONVERSION _b10 _c20130109 _lUCH01 _h1316 |
||
| 901 | _aBK | ||
| 942 | _cFOLL | ||
| 949 |
_bBC _cTES _d-77078 _eTS1 _i33170 _si |
||
| 949 |
_bBC _cTES _d33724002110743 _eTS2 _fc.2 _h50004 _i33170 _sb |
||
| 949 |
_bBC _cTES _d33724002110785 _eTS2 _fc.3 _h50005 _i33170 _sb |
||
| 999 |
_c28087 _d28087 |
||